La Agricultura española : revista quincenal / Órgano Oficial de la Cámara Agrícola de Valencia ; director-propietario: B. Aliño revista quincenal / Órgano Oficial de la Cámara Agrícola de Valencia ; director-propietario:
Descripción Física:
23 cm
Otros Autores:
Aliño, B.
Materias:
Agricultura -- Espanya -- Revistes
MARC
| LEADER | 00000nam a2200000Ia 4500 | ||
|---|---|---|---|
| 001 | |||
| 008 | 160829s9999 xx 000 0 cat d | ||
| 080 | |a 1946, exp. 5 | ||
| 100 | |a Cámara Agrícola Oficial de la Provincia de Valencia |9 48139 | ||
| 245 | |a La Agricultura española : |b revista quincenal / Órgano Oficial de la Cámara Agrícola de Valencia ; director-propietario: |b B. Aliño | ||
| 260 | |a Valencia : |b Imprenta de Ripollés, [1898] | ||
| 300 | |a 23 cm | ||
| 590 | |a Quinzenal. | ||
| 590 | |a No hi ha núm. | ||
| 650 | |a Agricultura |x Espanya |x Revistes |9 48141 | ||
| 700 | 1 | |a Aliño, B. |9 48142 | |
| 901 | |a Arxiu | ||
| 942 | |n 1 | ||
| 952 | |0 0 |1 0 |4 0 |6 1946_EXP_5 |7 1 |9 54349 |a Arxiu |b Arxiu |d 2016-12-01 |l 0 |o 1946, exp. 5 |r 2016-12-01 00:00:00 |w 2016-12-01 |y ARXIU | ||
| 999 | |c 58218 |d 58218 | ||